| 000 | nam a22 7a 4500 | ||
|---|---|---|---|
| 999 |
_c64795 _d64795 |
||
| 005 | 20220807174343.0 | ||
| 008 | 220807b xxu||||| |||| 00| 0 eng d | ||
| 040 | _aANE | ||
| 041 | _aEs | ||
| 100 | _aEduardo Díaz Ocampo | ||
| 245 | _aLa Justicia Indígena y el Pluralismo Jurídico en Ecuador | ||
| 300 | _a38 p. | ||
| 650 | _aJusticia, contexto multicultural, orden jurídico, formación | ||
| 856 | _uhttp://documentacion.asambleanacional.gob.ec/alfresco/d/d/workspace/SpacesStore/661f9464-d301-4f30-8d8d-53482f65360c/La%20Justicia%20Indigena%20y%20el%20Pluralismo%20Jur%c3%addico%20en%20Ecuador.pdf | ||
| 942 |
_2ddc _cBV _zNr. |
||